000 00372nam a2200133Ia 4500
005 20260326235443.0
008 260326s9999||||xx |||||||||||||| ||und||
100 _aAlegría, Ricardo E.
245 0 _aProgramas de parques y Museos /
_cRicardo E. Alegría
260 _bIntituto de Cultura Puertorriqueña
300 _a55 p.
650 _aARQUITECTURA REGIONAL
942 _cBK
999 _c7495
_d7495